000 00425nam a22001697a 4500
003 NUST - PNEC
005 20170116181141.0
008 151008b xxu||||| |||| 00| 0 eng d
020 _a-
040 _cLIBRARY
082 _a919 USM
100 _914648
_aUsmani, Muhammad Taqi
245 _aJahan deeda
_cMolana Taqi Usmani
260 _aKarachi
_c2006
650 _914652
_aTraveling , Urdu
_xGeneral
942 _2ddc
_cBK
999 _c70483
_d70483